| 000 | 00764nam a2200229 a 4500 | ||
|---|---|---|---|
| 005 | 20231118063638.0 | ||
| 008 | 190212s2016 mx r 000 0 spa d | ||
| 020 | _a9788428337342 | ||
| 035 | _aUPN01000229023 | ||
| 049 | _aCG | ||
| 050 | 4 |
_aLB1532 _bC3.2 |
|
| 100 | 1 |
_aCañal de León, Pedro _933038 |
|
| 245 | 1 | 0 |
_aDidáctica de las ciencias experimentales en educación primaria / _cPedro Cañal, Antonio García-Carmona, Marta Cruz-Guzmán. |
| 260 |
_aMadrid : _bParaninfo, _cc2016. |
||
| 300 |
_a386 p. : _bil., tablas |
||
| 440 | 0 | _aDidáctica y desarrollo | |
| 650 | 4 |
_aCiencia _xEstudio y enseñanza (Elemental) _97402 |
|
| 700 | 1 |
_aGarcía-Carmona, Antonio, _ecoaut. |
|
| 700 | 1 |
_aCruz-Guzmán, Marta, _ecoaut. |
|
| 905 | _aLibro | ||
| 999 |
_c201118 _d201118 |
||